|
|
|
|
| LEADER |
00000nab a2200000 a 4500 |
| 001 |
vtls001495092 |
| 003 |
SK-MaSNL |
| 005 |
20260304144915.0 |
| 008 |
250505c2003 xo g 0 slo |
| 015 |
|
|
|a SNBCL2005/2
|
| 035 |
|
|
|a (uuid)4a16e7c0-2d20-41d8-aeb0-99a9ac136943
|
| 035 |
|
|
|a urn:nbn:sk:snk-abbyb6
|
| 035 |
|
|
|a (urnnbn)urn:nbn:sk:snk:ar-0018ea
|
| 040 |
|
|
|a SNKBUCL
|b slo
|c SNKBUCL
|e AACR2
|
| 041 |
1 |
|
|a eng
|h eng
|
| 044 |
|
|
|a xo
|c SK
|
| 080 |
|
|
|a 595.42:591.15
|2 1981
|
| 100 |
1 |
|
|a Skoracka, Anna
|4 aut
|9 1466878
|
| 245 |
1 |
0 |
|a Spatial and temporal distribution of cereal rust mite Abacarus hystrix (Acari, Eriophyoidea) on Agropyron repens
|c Anna Skoracka, Wojciech Magowski, Lechoslaw Kuczynski
|
| 300 |
|
|
|b Grafy
|
| 504 |
|
|
|a Res. angl.
|
| 504 |
|
|
|a Bibliogr. odkazy
|
| 650 |
0 |
7 |
|a zamorenie roztočmi
|2 MESH
|9 1466879
|
| 650 |
0 |
7 |
|a obilniny
|x parazitológia
|2 MESH
|9 1466880
|
| 650 |
0 |
7 |
|a čas
|2 MESH
|9 2082
|
| 650 |
0 |
7 |
|a špecifickosť druhová
|2 MESH
|9 855823
|
| 650 |
0 |
7 |
|a porovnávacia anatómia
|2 MESH
|9 2597
|
| 700 |
1 |
|
|a Magowski, Wojciech
|4 aut
|9 1466881
|
| 700 |
1 |
|
|a Kuczynski, Lechoslaw
|4 aut
|9 1438461
|
| 773 |
0 |
|
|t Biologia
|g Vol. 58, no. 5 (2003), s. 913-917
|x 0006-3088
|
| 850 |
|
|
|a Slovenská národná knižnica
|
| 852 |
|
|
|a Slovenská národná knižnica
|
| 954 |
|
|
|a odborná, vedecká literatúra cudzojazyčná (svetová)
|2 lita
|
| 958 |
|
|
|a article15
|
| 958 |
|
|
|a OND
|
| 958 |
|
|
|a EUIPO
|
| 999 |
|
|
|c 2933867
|d 2935797
|